| 000 | 005590000a22001210004500 | ||
|---|---|---|---|
| 100 | 1 | _aSolano, Andrés Felipe | |
| 245 | 1 | 0 | _aLos cuerpos del enterrador : Se publican nuevos ensayos de Thomas Lynch |
| 300 | _aVol.0, núm.11 (Agosto, 2006), Página 11 | ||
| 500 | _aPeriodista. | ||
| 520 | _aLynch conoció el éxito literario con El enterrador; dueño de una cadena de funerarias, el hombre dedicado a la muerte nos sorprende con reflexiones sobre lo que se mueve y lo que deja de hacerlo. | ||
| 773 | 0 | _tArcadia / Andrés Felipe Solano, Editor | |
| 942 | _cANA | ||
| 999 |
_c61806 _d61806 |
||